000 00460cam a2200181ua 4500
001 922
008 110423n ii |||gr||||Z||||||eng
040 _cMAIN
082 _a320.954
245 1 _aIndian politics and government.
_cBy K R Bombwall.
250 _a1st.
260 _aNew Delhi.:
_bAtma Ram.,961.
300 _a378 p.:
_c23 cm.
653 _aPolitical science.
653 _aIndian politics and government.
700 _aBombwall, K R.,
942 _cBK
999 _c845
_d845